[Event "Nezhmetdinov Memorial 38th"]
[Site "Kazan"]
[Date "2016.06.04"]
[Round "5"]
[White "Isaykin, Artem"]
[Black "Emelianov, Fedor"]
[Result "1-0"]
[WhiteElo "1973"]
[BlackElo "2134"]
[PlyCount "82"]
[EventDate "2016.05.31"]
[EventType "swiss"]
[EventRounds "9"]
[EventCountry "RUS"]
[SourceTitle "CBM 172 Extra"]
[Source "ChessBase"]
[SourceDate "2016.06.21"]
[SourceVersion "1"]
[SourceVersionDate "2016.06.21"]
[SourceQuality "1"]

1. e4 c6 2. d4 g6 3. Nc3 Bg7 4. Be3 d5 5. e5 h5 6. f4 Nh6 7. Nf3 Qb6 8. b3 Bg4 9. Be2 Nf5 10. Bf2 Bxf3 11. Bxf3 e6 12. Qd2 Bf8 13. Na4 Qc7 14. g3 Nd7 15. h3 0-0-0 16. b4 Be7 17. h4 Nb6 18. Nb2 Qd7 19. 0-0 Qc7 20. Qc3 Kd7 21. a4 Ke8 22. Qb3 Kf8 23. a5 Nd7 24. c4 Rc8 25. Rfc1 Qd8 26. c5 Rb8 27. b5 Kg7 28. Be2 f6 29. a6 fxe5 30. dxe5 Qc8 31. Qc2 d4 32. Bd3 Bxc5 33. axb7 Qxb7 34. Bxf5 gxf5 35. Nd3 cxb5 36. Nxc5 Qd5 37. Rxa7 Rhd8 38. Nxd7 Rxd7 39. Rxd7+ Qxd7 40. Qc7 Rd8 41. Bxd4 Kg6 1-0

[Event "Urals-ch 74th"]
[Site "Khanty-Mansiysk"]
[Date "2016.03.30"]
[Round "8"]
[White "Isaykin, Artem"]
[Black "Frolov, Ivan"]
[Result "0-1"]
[WhiteElo "1924"]
[BlackElo "2344"]
[PlyCount "82"]
[EventDate "2016.03.23"]
[EventType "swiss"]
[EventRounds "9"]
[EventCountry "RUS"]
[SourceTitle "CBM 171 Extra"]
[Source "ChessBase"]
[SourceDate "2016.04.26"]
[SourceVersion "1"]
[SourceVersionDate "2016.04.26"]
[SourceQuality "1"]

1. e4 b6 2. d4 Bb7 3. Nd2 d5 4. e5 c5 5. c3 Nc6 6. Ne2 e6 7. a3 f6 8. exf6 Nxf6 9. f4 Bd6 10. g3 h5 11. Nf3 h4 12. Ng5 hxg3 13. Nxg3 Qe7 14. Bh3 0-0-0 15. Bxe6+ Kb8 16. Nf5 Qc7 17. 0-0 cxd4 18. Nxd4 Nxd4 19. cxd4 Rh4 20. Nf3 Rh6 21. Ne5 Ne4 22. Bf5 Rdh8 23. Ng4 Rh4 24. Bxe4 dxe4 25. Rf2 e3 26. Bxe3 Qd7 27. d5 Qf5 28. Rg2 Bxd5 29. Rg3 g5 30. Qd4 gxf4 31. Rf1 fxg3 32. Rxf5 gxh2+ 33. Nxh2 Bxh2+ 34. Kf2 Rxd4 35. Bxd4 Rd8 36. Rh5 Bf4 37. Rh8 Rxh8 38. Bxh8 Kc7 39. Ke2 Be4 40. Kd1 Kc6 41. Bd4 Kd5 0-1